Propuesta de un modelo de acompañamiento pedagógico virtual para la incorporación de las TIC'S en los docentes del nivel secundario de matemática, en el distrito educativo 04-05 de Yaguate, septiembre-diciembre 2020 / (Record no. 14317)
[ view plain ]
| 000 -LEADER | |
|---|---|
| campo de control de longitud fija | 01866nam a2200385 4500 |
| 001 - NÚMERO DE CONTROL | |
| campo de control | 56270 |
| 003 - IDENTIFICADOR DE NÚMERO DE CONTROL | |
| campo de control | Biblioteca APEC |
| 005 - FECHA Y HORA DE LA ÚLTIMA TRANSACCIÓN | |
| campo de control | 20251014103519.0 |
| 008 - DATOS DE LONGITUD FIJA--INFORMACIÓN GENERAL | |
| campo de control de longitud fija | 210730b2020 dr ||||| |||| 00| 0 spa d |
| 040 ## - FUENTE DE CATALOGACIÓN | |
| Centro/agencia transcriptor | Biblioteca APEC |
| Centro catalogador/agencia de origen | Biblioteca UNAPEC |
| Lengua de catalogación | spa |
| Normas de descripción | rda |
| 041 ## - CÓDIGO DE IDIOMA | |
| Código de lengua del texto/banda sonora o título independiente | spa |
| 072 ## - CÓDIGO DE CATEGORÍA DE MATERIA | |
| Código de categoría de materia | Facultad de Humanidades |
| 090 ## - LOCALMENTE ASIGNADO TIPO-LC NÚMERO DE CLASIFICACIÓN (OCLC); NÚMERO DE CLASIFICACIÓN LOCAL (RLIN) | |
| Número de clasificación (OCLC) (R) ; Numero de clasificación, CALL (RLIN) (NR) | TPG-CI MMM-12 2020 |
| 100 1# - ENTRADA PRINCIPAL--NOMBRE DE PERSONA | |
| Nombre de persona | Rosa Tavares, Miguel Onelio de la |
| Término indicativo de función/relación | autor |
| 9 (RLIN) | 89676 |
| 245 10 - MENCIÓN DEL TÍTULO | |
| Título | Propuesta de un modelo de acompañamiento pedagógico virtual para la incorporación de las TIC'S en los docentes del nivel secundario de matemática, en el distrito educativo 04-05 de Yaguate, septiembre-diciembre 2020 / |
| Mención de responsabilidad, etc. | Miguel Onelio de la Rosa Tavares ; asesor: Damarys Vicente de la Riva |
| 264 #1 - PRODUCCIÓN, PUBLICACIÓN, DISTRIBUCIÓN, FABRICACIÓN Y COPYRIGHT | |
| Producción, publicación, distribución, fabricación y copyright | Santo Domingo : |
| Nombre del de productor, editor, distribuidor, fabricante | Universidad APEC, |
| Fecha de producción, publicación, distribución, fabricación o copyright | 2020 |
| 300 ## - DESCRIPCIÓN FÍSICA | |
| Extensión | 107 hojas : |
| Material acompañante/anejo | + 1 CD ROM |
| 336 ## - TIPO DE CONTENIDO | |
| Término de tipo de contenido | Texto |
| Código de tipo de contenido | txt |
| Fuente | rdacontent |
| 337 ## - TIPO DE MEDIO | |
| Nombre/término del tipo de medio | sin mediación |
| Código del tipo de medio | n |
| Fuente | rdamedia |
| 338 ## - TIPO DE SOPORTE | |
| Nombre/término del tipo de soporte | volumen |
| Código del tipo de soporte | nc |
| Fuente | rdacarrier |
| 500 ## - NOTA GENERAL | |
| Nota general | CAMPUS I |
| 500 ## - NOTA GENERAL | |
| Nota general | Tesis en Formato PDF.<br/>Tesis en Formato Electrónico.<br/>Tesis en formato digital. |
| 502 ## - NOTA DE TESIS | |
| Nota de tesis | Tesis (Maestría en Ciencias de la Educación Mención Enseñanza de la Matemática Media y Superior) - Universidad APEC, 2020 |
| 504 ## - NOTA DE BIBLIOGRAFÍA, ETC. | |
| Nota de bibliografía, etc. Nota | Incluye referencias bibliográficas e índice |
| 650 ## - PUNTO DE ACCESO ADICIONAL DE MATERIA--TÉRMINO DE MATERIA | |
| Término de materia o nombre geográfico como elemento de entrada | Matemáticas |
| Subdivisión general | Enseñanza |
| 9 (RLIN) | 89982 |
| 650 ## - PUNTO DE ACCESO ADICIONAL DE MATERIA--TÉRMINO DE MATERIA | |
| Término de materia o nombre geográfico como elemento de entrada | Matemáticas |
| Subdivisión general | Enseñanza con ayuda de computadores |
| 9 (RLIN) | 38761 |
| 650 ## - PUNTO DE ACCESO ADICIONAL DE MATERIA--TÉRMINO DE MATERIA | |
| Término de materia o nombre geográfico como elemento de entrada | Educación secundaria |
| Subdivisión general | Innovaciones tecnológicas |
| 9 (RLIN) | 89983 |
| 650 ## - PUNTO DE ACCESO ADICIONAL DE MATERIA--TÉRMINO DE MATERIA | |
| Término de materia o nombre geográfico como elemento de entrada | Innovaciones educativas |
| 9 (RLIN) | 89984 |
| 650 ## - PUNTO DE ACCESO ADICIONAL DE MATERIA--TÉRMINO DE MATERIA | |
| Término de materia o nombre geográfico como elemento de entrada | Tecnología educativa |
| 9 (RLIN) | 89985 |
| 650 ## - PUNTO DE ACCESO ADICIONAL DE MATERIA--TÉRMINO DE MATERIA | |
| Término de materia o nombre geográfico como elemento de entrada | Tecnología de la información |
| 9 (RLIN) | 89986 |
| 700 ## - ENTRADA AGREGADA--NOMBRE PERSONAL | |
| Nombre de persona | Vicente de la Riva, Damarys |
| Término indicativo de función/relación | asesor |
| 9 (RLIN) | 76989 |
| 856 ## - LOCALIZACIÓN Y ACCESO ELECTRÓNICOS | |
| Identificador Uniforme de Recurso | <a href="https://bibliotecaunapec.blob.core.windows.net/tesis/TPG_CI_MMM_12_2020_ET210241.pdf">https://bibliotecaunapec.blob.core.windows.net/tesis/TPG_CI_MMM_12_2020_ET210241.pdf</a> |
| Texto de enlace | Hacer clic para ver el PDF (1.63 MB). Trabajo de posgrado. |
| 912 ## - | |
| -- | AJRP |
| 942 ## - ELEMENTOS DE ENTRADA SECUNDARIOS (KOHA) | |
| Fuente de la clasificación o esquema de estantería | Clasificación Decimal Dewey |
| Tipo de ítem Koha | Tesis impresa |
No items available.